Normal view
MARC view
Entry Topical Term
001 - CONTROL NUMBER
- control field: 13237
003 - CONTROL NUMBER IDENTIFIER
- control field: OSt
005 - DATE AND TIME OF LATEST TRANSACTION
- control field: 20220628111205.0
008 - FIXED-LENGTH DATA ELEMENTS
- fixed length control field: 220628|| aca||aabn | a|a d
040 ## - CATALOGING SOURCE
- Original cataloging agency: OSt
- Transcribing agency: OSt
150 ## - HEADING--TOPICAL TERM
- Topical term or geographic name entry element: Business strategy
670 ## - SOURCE DATA FOUND
- Source citation: Work cat.: (OSt): Aldridge, Irene 13236, High frequency trading, 2010